| 000 | 01731cam a22003254a 4500 | ||
|---|---|---|---|
| 001 | 15968834 | ||
| 005 | 20130529121745.0 | ||
| 008 | 091030s2011 njua b 001 0 eng | ||
| 020 | _a9780135097212 | ||
| 020 | _a0135097215 | ||
| 082 | 0 | 0 |
_a610.73 _222 _bPEN |
| 100 | 1 |
_aPender, Nola J., _d1941- _933267 |
|
| 245 | 1 | 0 |
_aHealth Promotion in Nursing Practice / _cNola J. Pender, Carolyn L. Murdaugh, Mary Ann Parsons. |
| 250 | _a6th ed. | ||
| 260 |
_aUpper Saddle River, N.J. : _bPearson, _cc2011. |
||
| 300 |
_axviii, 349 p. : _bill. ; _c24 cm. |
||
| 504 | _aIncludes bibliographical references and index. | ||
| 505 | 0 | _aToward a definition of health -- Individual models to promote health behavior -- Community models to promote health -- Assessing health and health behaviors -- Developing a health promotion-prevention plan -- Physical activity and health promotion -- Nutrition and health promotion -- Stress management and health promotion -- Social support and health -- Evaluating individual and community interventions -- Self-care for health promotion across the life span -- Health promotion in vulnerable populations -- Health promotion in community settings -- Promoting health through social and environmental change. | |
| 650 | 0 |
_aHealth promotion. _933268 |
|
| 650 | 0 |
_aPreventive health services. _933269 |
|
| 650 | 0 |
_aNursing. _933270 |
|
| 650 | 1 | 2 |
_aHealth Promotion _vNurses' Instruction. _933271 |
| 650 | 1 | 2 |
_aNursing Care _vNurses' Instruction. _933272 |
| 650 | 2 | 2 |
_aHealth Behavior _vNurses' Instruction. _933273 |
| 650 | 2 | 2 |
_aHealth Policy _vNurses' Instruction. _933274 |
| 653 |
_bNUR _cMay2013 |
||
| 700 | 1 |
_aMurdaugh, Carolyn L. _933275 |
|
| 700 | 1 |
_aParsons, Mary Ann. _933276 |
|
| 942 |
_2ddc _cNRB |
||
| 999 |
_c17483 _d17455 |
||